Nguyên lý kế toán Mỹ
Nội dung tài liệu gồm 6 phần: 1/ Tổng quan về kế toán. 2/ Báo cáo kế toán. 3/ Quá trình thu thập ghi chép số liệu. 4/ Đo lường thu thập doanh nghiệp. 5/ Bảng tính nháp và quá trình khoá sổ tài khoản. 6/ Kế toán ở các công ty thương mại và he...
Saved in:
| Main Author: | |
|---|---|
| Format: | Book |
| Language: | Undetermined |
| Published: |
Hà Nội
Thống kê
2008
|
| Subjects: | |
| Tags: |
Add Tag
No Tags, Be the first to tag this record!
|
| Institutions: | Trung tâm Học liệu Trường Đại học Cần Thơ |
|---|
| LEADER | 00954nam a2200205Ia 4500 | ||
|---|---|---|---|
| 001 | CTU_132033 | ||
| 008 | 210402s9999 xx 000 0 und d | ||
| 020 | |c 56000 | ||
| 082 | |a 657 | ||
| 082 | |b C561 | ||
| 100 | |a Đặng, Kim Cương | ||
| 245 | 0 | |a Nguyên lý kế toán Mỹ | |
| 245 | 0 | |c Đặng Kim Cương | |
| 260 | |a Hà Nội | ||
| 260 | |b Thống kê | ||
| 260 | |c 2008 | ||
| 520 | |a Nội dung tài liệu gồm 6 phần: 1/ Tổng quan về kế toán. 2/ Báo cáo kế toán. 3/ Quá trình thu thập ghi chép số liệu. 4/ Đo lường thu thập doanh nghiệp. 5/ Bảng tính nháp và quá trình khoá sổ tài khoản. 6/ Kế toán ở các công ty thương mại và hệ thống kiểm soát nội bộ. | ||
| 650 | |a Kế toán,Accounting | ||
| 904 | |i Quang Hiếu | ||
| 980 | |a Trung tâm Học liệu Trường Đại học Cần Thơ | ||